| 000 | 01118cam a2200325 a 4500 | ||
|---|---|---|---|
| 001 | 16973330 | ||
| 005 | 20150202162117.0 | ||
| 008 | 110922s2013 maua b 001 0 eng | ||
| 010 | _a 2011039498 | ||
| 020 | _a9780132624664 (alk. paper) | ||
| 020 | _a0132624664 (alk. paper) | ||
| 035 | _a(OCoLC)ocn756577336 | ||
| 040 |
_aDLC _cDLC _dYDX _dBTCTA _dBKL _dYDXCP _dDLC |
||
| 050 | 0 | 0 |
_aHF 5381.6 _b.An53 2013 |
| 082 | 0 | 0 | _a650.1 |
| 100 | 1 |
_aAnderson, Lydia E. _q(Lydia Elane), _d1963- |
|
| 245 | 1 | 0 |
_aProfessionalism : _bskills for workplace success / _cLydia E. Anderson, Sandra B. Bolt. |
| 250 | _a3rd ed. | ||
| 260 |
_aBoston : _bPearson, _cc2013. |
||
| 300 |
_axxiii, 322 pages : _bcolored illustrations ; _c28 cm. |
||
| 504 | _aIncludes bibliographical references and index. | ||
| 650 | 0 | _aVocational qualifications. | |
| 650 | 0 | _aEmployability. | |
| 650 | 0 | _aPerformance. | |
| 650 | 0 | _aLife skills. | |
| 700 | 1 | _aBolt, Sandra B. | |
| 906 |
_a7 _bcbc _corignew _d1 _eecip _f20 _gy-gencatlg |
||
| 942 |
_2lcc _cBK |
||
| 999 |
_c282526 _d282526 |
||